| 000 | 01472nam a2200433Ii 4500 | ||
|---|---|---|---|
| 001 | DIGANT0151 | ||
| 003 | NyNyDIG | ||
| 006 | m o d | ||
| 007 | cr ||||||||||| | ||
| 008 | 120901s2011 sp ob 001 0 spa d | ||
| 020 | _z8415260016 | ||
| 020 | _z9788415260011 | ||
| 035 | _a(OCoLC)853442896 | ||
| 040 |
_aDGITA _beng _epn _cDGITA |
||
| 043 | _ae-sp--- | ||
| 050 | 1 | 4 | _aPN56.3.S7 eBook |
| 245 | 0 | 0 |
_aMiradas sobre España / _cFacundo Tomás, Isabel Justo y Sofía Barrón (eds.). |
| 250 | _a1. ed. | ||
| 264 | 1 |
_aRubí, Barcelona : _bAnthropos Editorial, _cc2011. |
|
| 300 | _a1 online resource (492 pages) | ||
| 336 |
_atext _btxt _2rdacontent |
||
| 337 |
_acomputer _bc _2rdamedia |
||
| 338 |
_aonline resource _bcr _2rdacarrier |
||
| 490 | 1 | _aAutores, textos y temas. Teoría e historia de las artes | |
| 504 | _aIncludes bibliographical references (p. 441-447) and index. | ||
| 651 | 0 |
_aSpain _xIn literature. |
|
| 651 | 0 |
_aSpain _xIn art. |
|
| 650 | 0 |
_aNationalism _zSpain. |
|
| 655 | 0 | _aElectronic books. | |
| 700 | 1 | _aTomás Ferré, Facundo. | |
| 700 | 1 | _aJusto, Isabel. | |
| 700 | 1 | _aBarrón Abad, Sofía. | |
| 791 | 2 |
_aDigitalia (Firm), _edistributor. |
|
| 830 | 0 |
_aAutores, textos y temas. _pTeoría e historia de las artes |
|
| 793 | 0 |
_gDigitalia eBook Collection: _aAnthropos |
|
| 856 | 4 | 0 |
_3Digitalia Hispánica _uhttps://www.digitaliapublishing.com/a/15733/ |
| 910 | _aPremium Collection: 2007-2012 | ||
| 942 | _cRAA | ||
| 999 |
_c234408 _d234408 |
||